00000000nam 2200000za 4500
0019.846698
003CaOODSP
00520221107153251
007cr |||||||||||
008171107s1954    oncd    os   f000 0 eng d
040 |aCaOODSP|beng
043 |an-cn---
0861 |aCS82-505/1954E-PDF
24500|aVolume of sickness (national estimates) |h[electronic resource] / |cprepared jointly by the Dominion Bureau of Statistics and the Department of National Health and Welfare.
260 |aOttawa : |bEdmond Cloutier, Queen's Printer, |c1954.
300 |a24 p. : |bcharts
4900 |aCanadian sickness survey, 1950-51 : special compilation ; |vno. 5
500 |aIssued also in French under title: Volume de la maladie (estimations nationales).
500 |aCover title.
500 |a"April, 1954."
500 |aChiefly tables.
500 |aDigitized edition from print [produced by Statistics Canada].
520 |a“This bulletin continues the series of preliminary publications of the results of the Canadian Sickness Survey. Previous publications regarding family expenditures for various items of health care and service are listed on the back cover. Subsequent reports will deal with special aspects of illness and the type and amount of care received by the population. This bulletin deals with estimates of the amount and duration of ill health in the population. Two measures of ill health have been used: disability, including bedrest or care, which involves modification of the person's normal activity; and complaints, a broader term, involving both minor and serious conditions"--p. [5].
530 |aIssued also in print format.
69207|2gccst|aHealth
69207|2gccst|aStatistics
7101 |aCanada. |bDominion Bureau of Statistics.
7101 |aCanada. |bDept. of National Health and Welfare.
77508|tVolume de la maladie (estimations nationales) |w(CaOODSP)9.846699
85640|qPDF|s829 KB|uhttps://publications.gc.ca/collections/collection_2017/statcan/CS82-505-1954-eng.pdf
986 |a82-505